000 00902nam a22002417a 4500
999 _c65484
_d65484
005 20240530110827.0
008 190807s2018 ua a g b 000 0 ara d
017 _a2018/4226
_bمصر. دار الكتب
020 _a9789770531907
040 _aEG-CaGPL
_cEG-CaGPL
082 0 4 _221
_a155.937/
_bأ س
100 0 _aاحمد محمد عبدالخالق
245 1 0 _aسيكولوجية الموت والاحتضار /
_cاحمد محمد عبدالخالق
250 _aط.1، مزية ومنقحة.
260 _aالقاهرة :
_bمكتبة الانجلو المصرية ،
_c2018.
300 _a445 ص. :
_bجداول ؛
_c24 سم.
504 _aيشتمل على ارجاعات ببليوجرافية
650 0 7 _2qrmak
_aالموت
_xفلسفة
650 0 7 _2qrmak
_aالموت
_xاخلاقيات
651 _2qrmak
942 _2ddc
_cBK